Why does this exist??? - Statistics

General Stats
  • This quiz has been taken 14 times
  • The average score is 5 of 6
Answer Stats
Hint Answer % Correct
no no
100%
yes yes
100%
help help
91%
why why
91%
skibidi skibidi
82%
yeet yeet
82%
No matching quizzes found
Score Distribution
Percent of People with Each Score
Percentile by Number Answered
Your Score History
You have not taken this quiz